[Event "POL-chT3 U19 Slaska"]
[White "Hernik, Magdalena"]
[Black "Kwoka, Katarzyna"]
[Site "Slask"]
[Round "9.12"]
[Result "0-1"]
[Date "2007.05.20"]
[WhiteElo "1250"]
[BlackElo "1600"]
[PlyCount "82"]
[EventDate "2007.01.27"]
[EventType "team-tourn"]
[EventRounds "11"]
[EventCountry "POL"]
[SourceTitle "EXT 2019"]
[Source "ChessBase"]
[SourceDate "2018.10.10"]
[SourceVersion "1"]
[SourceVersionDate "2018.10.10"]
[SourceQuality "1"]
[WhiteTeam "Cieszyn MUKS SZS U19"]
[BlackTeam "Jaworzno JKSz MCKiS U19 II"]
[WhiteTeamCountry "POL"]
[BlackTeamCountry "POL"]

1. e4 e5 2. Nf3 Nc6 3. Nc3 Nf6 4. Bc4 Bc5 5. Ng5 0-0 6. Nxf7 Rxf7 7. Bxf7+ Kxf7 8. 0-0 d6 9. h3 Bb4 10. Nd5 Bc5 11. d3 h6 12. Nxf6 Qxf6 13. Be3 Bb6 14. Qh5+ Ke7 15. Bxb6 axb6 16. Rae1 Rxa2 17. Re2 Nd4 18. Rd2 Be6 19. Qd1 Qg6 20. g4 Qf6 21. f3 Qh4 22. Rff2 Qg3+ 23. Rg2 Qxh3 24. Rh2 Nxf3+ 25. Kh1 Nxh2 26. Rxh2 Qxg4 27. Qf1 Rxb2 28. Rg2 Qh3+ 29. Kg1 Qe3+ 30. Rf2 Bh3 31. Qxh3 Qxh3 32. Rg2 Rb1+ 33. Kf2 Rc1 34. Rxg7+ Kf6 35. Rxc7 Rf1+ 36. Ke2 Qf3+ 37. Kd2 Qf2+ 38. Kc3 Qd4+ 39. Kd2 Qb4+ 40. c3 Qb2+ 41. Ke3 Qf2# 0-1